Most Homeruns in an MLB Career - Statistics

General Stats
  • This quiz has been taken 1,962 times
    578 since last reset
  • The average score is 10 of 15
Answer Stats
HR Player % Correct
714 Babe Ruth
98%
762 Barry Bonds
98%
755 Hank Aaron
94%
703 Albert Pujols
84%
696 Alex Rodriguez
82%
609 Sammy Sosa
78%
583 Mark McGwire
72%
660 Willie Mays
72%
630 Ken Griffey, Jr.
67%
612 Jim Thome
61%
586 Frank Robinson
41%
573 Harmon Killebrew
40%
563 Reggie Jackson
38%
555 Manny Ramirez
37%
569 Rafael Palmeiro
33%
No matching quizzes found
Score Distribution
Percent of People with Each Score
Percentile by Number Answered
Your Score History
You have not taken this quiz since the last reset